Statistics for Islands of "The World" in Dubai

Click here to take the quiz!

General Stats

  • This quiz has been taken 9,416 times
    (9,351 since last reset)
  • The average score is 103 of 289

Answers on the Map

Answers color-coded by a green-red scale on the quiz's map according to % correct below.
Loading ...
 

Answer Stats

CategoryIsland Name% Correct
CountriesUnited Kingdom
89%
CountriesIreland
86%
CountriesFrance
83%
CountriesIceland
83%
CountriesSpain
83%
CountriesGermany
80%
CountriesItaly
80%
StatesNew York
80%
IslandsSouth Island (NZ)
80%
CountriesSweden
79%
CountriesNorway
77%
CountriesFinland
76%
CountriesJapan
76%
CountriesEgypt
75%
StatesFlorida
75%
CountriesMadagascar
74%
IslandsNorth Island (NZ)
74%
StatesTexas
74%
CountriesGreece
73%
CountriesMorocco
73%
CountriesNetherlands
73%
CountriesOman
73%
CountriesSaudi Arabia
73%
CountriesUnited Arab Emirates
73%
CountriesYemen
73%
StatesCalifornia
72%
CountriesPoland
72%
CountriesSouth Africa
72%
CountriesMoscow
71%
CountriesAlgeria
70%
CountriesChile
70%
CountriesColombia
70%
CountriesDenmark
70%
CountriesIran
70%
CountriesPeru
70%
CountriesTunisia
70%
CountriesTurkey
70%
CountriesIraq
69%
CountriesNiger
69%
CountriesSudan
69%
CountriesArgentina
68%
CountriesCongo
68%
CountriesCuba
68%
CountriesEcuador
68%
CountriesEthiopia
68%
IslandsHawaii
68%
CountriesLibya
68%
CountriesNigeria
68%
CountriesQatar
68%
CountriesSomalia
68%
CountriesVenezuela
68%
CountriesAustria
67%
CountriesCentral African Republic
67%
Countries | StatesGeorgia
67%
CountriesJordan
67%
CountriesKenya
67%
CountriesPanama
67%
IslandsSouth Georgia
67%
CountriesSri Lanka
67%
CountriesChad
66%
CountriesKuwait
66%
CountriesMali
66%
CountriesNamibia
66%
CountriesSyria
66%
CountriesUruguay
66%
CountriesAngola
65%
CountriesLebanon
65%
CountriesPakistan
65%
CountriesParaguay
65%
CitiesRio de Janeiro
65%
CountriesTanzania
65%
CountriesZimbabwe
65%
CountriesBahrain
64%
CitiesBeijing
64%
CountriesBotswana
64%
CountriesMozambique
64%
CountriesZambia
64%
CountriesMauritania
63%
CitiesNew Delhi
63%
CountriesMaldives
62%
CitiesBrasilia
61%
CitiesBuenos Aires
61%
CountriesCameroon
61%
CountriesSeychelles
61%
CountriesThailand
61%
CountriesAfghanistan
60%
CitiesLos Angeles
60%
CitiesSao Paulo
59%
PeninsulasBaja California
58%
CitiesSantiago
58%
CountriesTaiwan
58%
StatesCarolina
57%
CountriesMauritius
57%
StatesQuebec
57%
PeninsulasKorea
56%
CountriesLiberia
56%
StatesOhio
56%
CitiesOslo
56%
CountriesPhilippines
56%
StatesVirginia
56%
StatesColorado
55%
StatesIllinois
55%
CountriesMalaysia
55%
StatesNevada
55%
CitiesSt. Petersburg
55%
CountriesEritrea
54%
CountriesFiji
54%
StatesOntario
54%
CountriesLatvia
53%
StatesMichigan
53%
StatesMontana
53%
StatesUtah
53%
CitiesMumbai
52%
CitiesShanghai
52%
StatesBritish Columbia
50%
CountriesBurma
50%
CountriesKazakhstan
50%
StatesPennsylvania
50%
StatesAlberta
49%
StatesLabrador
49%
StatesNewfoundland
49%
StatesIndiana
48%
StatesMissouri
48%
CountriesSingapore
48%
CitiesTokyo
48%
CitiesJohannesburg
46%
CountriesMongolia
46%
StatesTasmania
46%
CountriesTonga
46%
StatesWyoming
46%
CitiesHong Kong
45%
CitiesHavana
44%
CitiesKhartoum
43%
StatesMinnesota
43%
MountainsMount Everest
43%
CitiesPerth
43%
CitiesSan Diego
43%
StatesIowa
42%
CitiesNuuk
42%
CountriesPapua New Guinea
41%
CountriesVanuatu
41%
IslandsFalkland Islands
40%
IslandsJava
40%
CitiesAnchorage
39%
StatesSaskatchewan
39%
StatesManitoba
37%
StatesNew South Wales
36%
StatesVictoria
36%
IslandsBorneo
35%
StatesQueensland
35%
IslandsOahu
34%
CitiesJuneau
33%
IslandsSumatra
32%
CitiesManaus
30%
IslandsEaster Island
29%
CitiesKathmandu
29%
CitiesVladivostok
28%
IslandsBermuda
27%
IslandsGalapagos
27%
CitiesAdelaide
26%
CitiesDarwin
26%
IslandsNew Siberia Island
26%
IslandsAdelaide Island
25%
Killer WhalesOrcas
25%
IslandsMaui
24%
IslandsTierra del Fuego
24%
CitiesMacao
22%
CitiesVenice
22%
CitiesAlice Springs
20%
IslandsCelebes
20%
RegionsSouth Pole
20%
IslandsTahiti
18%
CitiesBelem
17%
CitiesMurmansk
15%
CitiesOmsk
15%
CitiesLhasa
14%
CitiesNanjing
13%
CitiesSapporo
13%
CitiesYakutsk
13%
IslandsEllesmere Island
12%
CitiesArchangel
11%
CitiesHuainan
11%
CitiesPerm
11%
CitiesRostov
11%
IslandsSakhalin
11%
IslandsCook Island
10%
Kublai KhanXanadu
10%
CitiesAcapulco
9%
RegionsFrederik
8%
RegionsKing Wilhelm Land
8%
IslandsMolokai
8%
IslandsNovaya Zemlya
8%
IslandsBora Bora
7%
IslandsLanai
7%
IslandsPitcairn
7%
IslandsAscencion
6%
Research StationsNord
6%
CapesYork
6%
CitiesAral
5%
RegionsKing Christian IX Land
5%
CitiesNorilsk
5%
CitiesOrenburg
5%
CitiesSmolinsk
5%
TownsAttu
4%
IslandsAxel Heiberg Island
4%
CitiesBarnaul
4%
CapesCape Farewell
4%
CapesCape Morris
4%
StraitsDavis
4%
IslandsDikson
4%
TownsGodhavn
4%
TownsIlulissat
4%
CitiesKhabarovsk
4%
IslandsPrince Charles Island
4%
TownsQaanaaq
4%
IslandsShetland Island
4%
TownsTiksi
4%
RiversUlya
4%
TownsUpernavik
4%
PeninsulasYamal
4%
TownsArsuk
3%
CitiesBratsk
3%
Research StationsClaire
3%
IslandsClarence Island
3%
IslandsCoats Island
3%
TownsDampier
3%
Research StationsDaneborg
3%
Research StationsDanmark Havn
3%
CitiesDarhan
3%
TownsEsperance
3%
CitiesHotan
3%
FjordsIndependence
3%
NunataksJensen Nunatakker
3%
CapesKap Bridgman
3%
TownsKapisillit
3%
CitiesKemerovo
3%
TownsKhatanga
3%
CitiesMangalore
3%
TownsMarkovo
3%
MountainsMont Forel
3%
TownsNarsarsuaq
3%
CitiesNovorybnoye
3%
FjordOscar
3%
IslandsOstrov Bolshevik
3%
PeninsulasPeary Land
3%
TownsPituffik
3%
TownsSavissivik
3%
TownsSiorapaluk
3%
CitiesSurgut
3%
TownsWyndham
3%
TownsYessey
3%
TownsYukta
3%
TownsZeya
3%
Ice ShelvesAmery
2%
TownsBatagai
2%
TownsBelogorsk
2%
IslandsBerkner Island
2%
TownsBulun
2%
Research StationsCasey
2%
IslandsCoronation Island
2%
Research StationsDumont D'Urville
2%
MountainsHobbs
2%
Research StationsJubani
2%
IslandsKate Island
2%
TownsKavacha
2%
TownsKezhma
2%
TownsKhonuu
2%
TownsKirensk
2%
TownsKyusyur
2%
Research StationsMawson
2%
TownsNyda
2%
TownsOlenek
2%
IslandsPalmer Island
2%
IslandsRobertson Island
2%
CitiesSemey
2%
IslandsSevernaya Zemlya
2%
TownsStrelka
2%
TownsSusuman
2%
TownsTasilaq
2%
IslandsThurston Island
2%
TownsTura
2%
TownsUdachny
2%
TownsUelen
2%
TownsUst-Nera
2%
TownsUst Olenek
2%
TownsUst Port
2%
IslandsVaigach
2%
RiversYeropol
2%

Score Distribution

Percentile by Number Answered

Percent of People with Each Score

Your Score History

You have not taken this quiz since the last reset